1974 year quiz - Statistics

General Stats
  • This quiz has been taken 63 times
  • The average score is 6 of 10
Answer Stats
Hint Answer % Correct
This devilish 3D puzzle goes on the market Rubik's cube
87%
Arab members of this group stop their embargo, ending an oil crisis OPEC
82%
This man resigns because of a burglary two years earlier Richard Nixon
80%
Turkey invades and occupies the northern part of this country Cyprus
75%
This country becomes the world's sixth nuclear-armed power India
71%
Phliippe Petit tightrope walks across this New York landmark The World Trade Center
55%
Mohammed Ali and George Foreman rumble in this city Kinshasa
51%
This underground army is identified in China Terracotta
49%
The emperor of this country is ousted, ending Solomonic dynasty's 700-year rule Ethiopia
29%
Portugal's military-led revolution is named after this flower Carnation
27%
No matching quizzes found
Score Distribution
Percent of People with Each Score
Percentile by Number Answered
Your Score History
You have not taken this quiz